| 000 | 00828nam a22002531a 4500 | ||
|---|---|---|---|
| 001 | 63240 | ||
| 003 | BD-RjUL | ||
| 005 | 20211209081155.0 | ||
| 008 | 170129s19891964ii ab 001 0 eng d | ||
| 020 | _a812080404x | ||
| 020 | _a8120804783 | ||
| 035 | _a(BD-RjUL)63369 | ||
| 040 |
_aBD-RjUL _cBD-RjUL _dBD-RjUL _beng |
||
| 041 | _aeng | ||
| 082 |
_223 _a954 _bTRH 1989 |
||
| 100 | 1 |
_aTripathi, Rama Shankar, _d1904- _9188225 |
|
| 245 | 1 | 0 |
_aHistory of Kanauj : _bto the Moslem conquest / _cby Rama Shankar Tripathi ; with a foreword by L.D. Barnett. |
| 260 |
_aDelhi : _bMotilal Banarsidass, _cc1964 [reprinted 1989] |
||
| 300 |
_axxii, 420 p. ; _c24 cm. |
||
| 504 | _aIncludes bibliographical references and index. | ||
| 651 | 0 |
_aKannauj (India) _xHistory. _9188226 |
|
| 700 |
_a Barnett, L.D. _9170753 |
||
| 942 |
_2ddc _cBK |
||
| 999 |
_c63240 _d63240 |
||